000 00976cam a22002891 4500
001 sa 68015067
003 DLC
005 20260227112639.0
008 850626s1968 ii 000 0dhinx
010 _asa 68015067
020 _cRs4.00
025 _aPL480:I-H-6081
035 _a(OCoLC)13893829
040 _aDLC
_cNN
_dDLC
042 _apremarc
043 _aa-ii---
050 0 0 _aLA2383.I6
_bB45
100 1 _aBhārilla, Jñāna,
_ecomp.
245 1 0 _aKaise bhūlūm̐;
_bRājasthāna ke sr̥janaśīla śikshakoṃ kā saṃsmaraṇa-saṅgraha.
_cSampādaka Jñāna Bhārilla, Candrakiśora Śarmā [tathā] Prema Saksenā.
250 _a[1. saṃskaraṇa]
260 _aJayapura,
_bŚikshā Vibhāga Rājasthāna ke lie Apolo Pablikeśana
_c[1968]
300 _a123 p.
_c22 cm.
500 _aIn Hindi.
650 0 _aTeachers
_zIndia
_zRajasthan
_xCorrespondence.
700 1 _aŚarmā, Candrakiśora,
_ejoint comp.
700 1 _aSaksenā, Prema.
_ejoint comp.
999 _c86205
_d86205